<?xml version="1.0" encoding="UTF-8"?>
<record
    xmlns:xsi="http://www.w3.org/2001/XMLSchema-instance"
    xsi:schemaLocation="http://www.loc.gov/MARC21/slim http://www.loc.gov/standards/marcxml/schema/MARC21slim.xsd"
    xmlns="http://www.loc.gov/MARC21/slim">

  <leader>01163nam a22002177a 4500</leader>
  <controlfield tag="005">20210414114003.0</controlfield>
  <controlfield tag="008">120608t        xxu||||| |||| 00| 0 eng d</controlfield>
  <datafield tag="020" ind1=" " ind2=" ">
    <subfield code="a">13 978 0324594775</subfield>
  </datafield>
  <datafield tag="050" ind1=" " ind2=" ">
    <subfield code="a">HF5657.B74</subfield>
  </datafield>
  <datafield tag="100" ind1=" " ind2=" ">
    <subfield code="a">Brooks, Leonard J.</subfield>
  </datafield>
  <datafield tag="245" ind1=" " ind2=" ">
    <subfield code="a">Business and professional ethics for directors, executives and accountants. /</subfield>
    <subfield code="c">Leonard J Brooks and Paul Dunn</subfield>
  </datafield>
  <datafield tag="250" ind1=" " ind2=" ">
    <subfield code="a">5th edition</subfield>
  </datafield>
  <datafield tag="260" ind1=" " ind2=" ">
    <subfield code="a">Canada:</subfield>
    <subfield code="b">South Western; Cengage learning,</subfield>
    <subfield code="c">2010.</subfield>
  </datafield>
  <datafield tag="300" ind1=" " ind2=" ">
    <subfield code="a">xix, 575p.:</subfield>
    <subfield code="b">ill.;</subfield>
    <subfield code="c">26cm.</subfield>
  </datafield>
  <datafield tag="500" ind1=" " ind2=" ">
    <subfield code="a">Includes index</subfield>
  </datafield>
  <datafield tag="505" ind1=" " ind2=" ">
    <subfield code="a">Contents: The Ethics environment: Ethics expectation -- Enron events motivate governance and ethics reform -- Ethical behaviour: Ethical behaviour - philosophers' contributions -- Practical ethical decision making -- Ethical governance, accountability and management: Corporate ethical governance and accountability -- Professional accounting in the public interst, post-enron -- Managing ethics risks and opportunities -- Subprime lending fiasco-ethics issues. </subfield>
  </datafield>
  <datafield tag="650" ind1=" " ind2=" ">
    <subfield code="a">Accountants</subfield>
    <subfield code="x">Professional ethics </subfield>
  </datafield>
  <datafield tag="650" ind1=" " ind2=" ">
    <subfield code="a"> Accounting --</subfield>
    <subfield code="x">Moral and ethical aspects. </subfield>
  </datafield>
  <datafield tag="700" ind1=" " ind2=" ">
    <subfield code="a">Dunn, Paul</subfield>
  </datafield>
  <datafield tag="942" ind1=" " ind2=" ">
    <subfield code="2">lcc</subfield>
    <subfield code="c">BK</subfield>
  </datafield>
  <datafield tag="999" ind1=" " ind2=" ">
    <subfield code="c">1180</subfield>
    <subfield code="d">8680</subfield>
  </datafield>
  <datafield tag="952" ind1=" " ind2=" ">
    <subfield code="0">0</subfield>
    <subfield code="1">0</subfield>
    <subfield code="2">lcc</subfield>
    <subfield code="4">0</subfield>
    <subfield code="7">0</subfield>
    <subfield code="a">WIUC-1</subfield>
    <subfield code="b">WIUC-1</subfield>
    <subfield code="d">2012-06-08</subfield>
    <subfield code="l">0</subfield>
    <subfield code="o">HF5657.B74</subfield>
    <subfield code="p">3170/12</subfield>
    <subfield code="r">2012-06-08 00:00:00</subfield>
    <subfield code="t">1</subfield>
    <subfield code="w">2012-06-08</subfield>
    <subfield code="y">BK</subfield>
  </datafield>
  <datafield tag="952" ind1=" " ind2=" ">
    <subfield code="0">0</subfield>
    <subfield code="1">0</subfield>
    <subfield code="2">lcc</subfield>
    <subfield code="4">0</subfield>
    <subfield code="7">0</subfield>
    <subfield code="a">WIUC-1</subfield>
    <subfield code="b">WIUC-1</subfield>
    <subfield code="c">GEN</subfield>
    <subfield code="d">2012-06-08</subfield>
    <subfield code="l">0</subfield>
    <subfield code="o">HF5657.B741</subfield>
    <subfield code="p">3171/12</subfield>
    <subfield code="r">2012-06-08 00:00:00</subfield>
    <subfield code="t">2</subfield>
    <subfield code="w">2012-06-08</subfield>
    <subfield code="y">BK</subfield>
  </datafield>
  <datafield tag="952" ind1=" " ind2=" ">
    <subfield code="0">0</subfield>
    <subfield code="1">0</subfield>
    <subfield code="2">lcc</subfield>
    <subfield code="4">0</subfield>
    <subfield code="7">0</subfield>
    <subfield code="a">WIUC-1</subfield>
    <subfield code="b">WIUC-1</subfield>
    <subfield code="c">GEN</subfield>
    <subfield code="d">2012-06-08</subfield>
    <subfield code="l">0</subfield>
    <subfield code="o">HF5657.B742</subfield>
    <subfield code="p">3172/12</subfield>
    <subfield code="r">2012-06-08 00:00:00</subfield>
    <subfield code="t">3</subfield>
    <subfield code="w">2012-06-08</subfield>
    <subfield code="y">BK</subfield>
  </datafield>
  <datafield tag="952" ind1=" " ind2=" ">
    <subfield code="0">0</subfield>
    <subfield code="1">0</subfield>
    <subfield code="2">lcc</subfield>
    <subfield code="4">0</subfield>
    <subfield code="7">0</subfield>
    <subfield code="a">WIUC-1</subfield>
    <subfield code="b">WIUC-1</subfield>
    <subfield code="c">GEN</subfield>
    <subfield code="d">2012-06-08</subfield>
    <subfield code="l">0</subfield>
    <subfield code="o">HF5657.B743</subfield>
    <subfield code="p">3173/12</subfield>
    <subfield code="r">2012-06-08 00:00:00</subfield>
    <subfield code="t">4</subfield>
    <subfield code="w">2012-06-08</subfield>
    <subfield code="y">BK</subfield>
  </datafield>
  <datafield tag="952" ind1=" " ind2=" ">
    <subfield code="0">0</subfield>
    <subfield code="1">0</subfield>
    <subfield code="2">lcc</subfield>
    <subfield code="4">0</subfield>
    <subfield code="7">0</subfield>
    <subfield code="a">WIUC-1</subfield>
    <subfield code="b">WIUC-1</subfield>
    <subfield code="c">GEN</subfield>
    <subfield code="d">2012-06-08</subfield>
    <subfield code="l">0</subfield>
    <subfield code="o">HF5657.B744</subfield>
    <subfield code="p">3174/12</subfield>
    <subfield code="r">2012-06-08 00:00:00</subfield>
    <subfield code="t">5</subfield>
    <subfield code="w">2012-06-08</subfield>
    <subfield code="y">BK</subfield>
  </datafield>
  <datafield tag="952" ind1=" " ind2=" ">
    <subfield code="0">0</subfield>
    <subfield code="1">0</subfield>
    <subfield code="2">lcc</subfield>
    <subfield code="4">0</subfield>
    <subfield code="7">0</subfield>
    <subfield code="a">WIUC-1</subfield>
    <subfield code="b">WIUC-1</subfield>
    <subfield code="c">GEN</subfield>
    <subfield code="d">2012-06-08</subfield>
    <subfield code="l">0</subfield>
    <subfield code="o">HF5657.B745</subfield>
    <subfield code="p">3175/12</subfield>
    <subfield code="r">2012-06-08 00:00:00</subfield>
    <subfield code="t">6</subfield>
    <subfield code="w">2012-06-08</subfield>
    <subfield code="y">BK</subfield>
  </datafield>
  <datafield tag="952" ind1=" " ind2=" ">
    <subfield code="0">0</subfield>
    <subfield code="1">0</subfield>
    <subfield code="2">lcc</subfield>
    <subfield code="4">0</subfield>
    <subfield code="7">0</subfield>
    <subfield code="a">WIUC-1</subfield>
    <subfield code="b">WIUC-1</subfield>
    <subfield code="c">GEN</subfield>
    <subfield code="d">2012-06-08</subfield>
    <subfield code="l">0</subfield>
    <subfield code="o">HF5657.B746</subfield>
    <subfield code="p">3176/12</subfield>
    <subfield code="r">2012-06-08 00:00:00</subfield>
    <subfield code="t">7</subfield>
    <subfield code="w">2012-06-08</subfield>
    <subfield code="y">BK</subfield>
  </datafield>
</record>
